[Event "Regency Masters 6th"]
[Site "Ramsgate"]
[Date "1984.12.10"]
[Round "3"]
[White "Pliester, Leon"]
[Black "Shamkovich, Leonid"]
[Result "0-1"]
[WhiteElo "2335"]
[BlackElo "2455"]
[PlyCount "88"]
[EventDate "1984.12.08"]
[EventType "swiss"]
[EventRounds "9"]
[EventCountry "ENG"]
[SourceTitle "BritBase"]
[Source "John Saunders"]
[SourceDate "2020.09.07"]
[SourceVersion "1"]
[SourceVersionDate "2020.09.07"]
[SourceQuality "2"]

1. e4 c5 2. Nf3 d6 3. d4 cxd4 4. Nxd4 Nf6 5. Nc3 a6 6. f4 e5 7. Nf3 Nbd7 8. Bd3
Be7 9. O-O b5 10. Qe1 Bb7 11. Kh1 O-O 12. fxe5 Nxe5 13. Nxe5 dxe5 14. Bg5 Ne8
15. Bxe7 Qxe7 16. a4 b4 17. Nd5 Bxd5 18. exd5 a5 19. Qe4 g6 20. Rae1 f6 21. c3
bxc3 22. bxc3 Nd6 23. Qh4 Rac8 24. c4 Rf7 25. Rc1 Rc5 26. Qf2 Qc7 27. Qb2 Kg7
28. g4 Qb7 29. Qf2 Qc8 30. g5 f5 31. Qb2 Re7 32. Rfe1 Qb7 33. Qc3 Nf7 34. Rb1
Qxd5+ 35. cxd5 Rxc3 36. Bb5 e4 37. Rec1 Rec7 38. Bc6 Rxc1+ 39. Rxc1 Ne5 40. Kg2
Kf8 41. Rc5 Ke7 42. Rxa5 Nxc6 43. dxc6 Kd6 44. Kg3 Rxc6 {bulletin has missing/
incorrect moves - have been repaired by JS} 0-1

[Event "Regency Masters 6th"]
[Site "Ramsgate"]
[Date "1984.12.10"]
[Round "3"]
[White "Povah, Nigel Edward"]
[Black "Kuijf, Marinus"]
[Result "1-0"]
[WhiteElo "2355"]
[BlackElo "2335"]
[PlyCount "35"]
[EventDate "1984.12.08"]
[EventType "swiss"]
[EventRounds "9"]
[EventCountry "ENG"]
[SourceTitle "BritBase"]
[Source "John Saunders"]
[SourceDate "2020.09.07"]
[SourceVersion "1"]
[SourceVersionDate "2020.09.07"]
[SourceQuality "2"]

1. d4 d5 2. c4 c6 3. Nf3 Nf6 4. Nc3 e6 5. Bg5 dxc4 6. e4 b5 7. e5 h6 8. Bh4 g5
9. exf6 gxh4 10. Ne5 Qxf6 11. a4 b4 12. Ne4 Qf5 13. f3 Ba6 14. Bxc4 Rg8 15.
Bxa6 Nxa6 16. Qe2 Nb8 17. O-O Nd7 18. Qa6 1-0

[Event "Regency Masters 6th"]
[Site "Ramsgate"]
[Date "1984.12.10"]
[Round "3"]
[White "Solomon, Stephen J"]
[Black "Cuijpers, Frans Andre"]
[Result "1-0"]
[WhiteElo "2250"]
[BlackElo "2365"]
[PlyCount "101"]
[EventDate "1984.12.08"]
[EventType "swiss"]
[EventRounds "9"]
[EventCountry "ENG"]
[SourceTitle "BritBase"]
[Source "John Saunders"]
[SourceDate "2020.09.07"]
[SourceVersion "1"]
[SourceVersionDate "2020.09.07"]
[SourceQuality "2"]

1. e4 d6 2. d4 Nf6 3. Nc3 g6 4. f4 Bg7 5. Nf3 O-O 6. Be3 Nc6 7. e5 Ng4 8. Bg1
dxe5 9. dxe5 Be6 10. Bd3 Nb4 11. Be4 Bf5 12. Bxf5 gxf5 13. h3 Nh6 14. Qe2 Nd5
15. Rd1 c6 16. Nxd5 cxd5 17. Qb5 e6 18. Bc5 Re8 19. c4 a6 20. Qb4 Rc8 21. cxd5
exd5 22. O-O Qd7 23. Rd2 Qc6 24. Bd6 d4 25. Rfd1 Qe4 26. Qxd4 Qxd4+ 27. Rxd4 f6
28. Rd5 Rc2 29. R1d2 Rxd2 30. Rxd2 Nf7 31. Kf1 fxe5 32. fxe5 Nxd6 33. exd6 Kf7
34. b3 Rd8 35. Ke2 Ke6 36. d7 Bf6 37. Nd4+ Bxd4 38. Rxd4 Rxd7 39. Rxd7 Kxd7 40.
Ke3 Ke6 41. Kd4 h5 42. h4 Kd6 43. b4 Ke6 44. Ke3 Ke5 45. g3 Kd5 46. Kf4 Kc4 47.
Kxf5 Kxb4 48. g4 hxg4 49. Kxg4 Ka3 50. h5 Kxa2 51. h6 1-0

[Event "Regency Masters 6th"]
[Site "Ramsgate"]
[Date "1984.12.10"]
[Round "3"]
[White "Teichmann, Erik OMC"]
[Black "Hodgson, Julian M"]
[Result "1-0"]
[WhiteElo "2285"]
[BlackElo "2450"]
[PlyCount "99"]
[EventDate "1984.12.08"]
[EventType "swiss"]
[EventRounds "9"]
[EventCountry "ENG"]
[SourceTitle "BritBase"]
[Source "John Saunders"]
[SourceDate "2020.09.07"]
[SourceVersion "1"]
[SourceVersionDate "2020.09.07"]
[SourceQuality "2"]

1. Nf3 b5 2. e4 Bb7 3. Bxb5 Bxe4 4. d4 e6 5. O-O Nf6 6. c4 Be7 7. Nc3 Bb7 8.
Ba4 O-O 9. Bc2 d6 10. Qe2 Nbd7 11. b3 c5 12. Rd1 Rc8 13. Bb2 Qc7 14. Rac1 Rfe8
15. Ne4 Qc6 16. Re1 Nxe4 17. Bxe4 Qxe4 18. Qxe4 Bxe4 19. Rxe4 d5 20. Ree1 Bf6
21. cxd5 exd5 22. Rxe8+ Rxe8 23. Kf1 Rc8 24. Ba3 c4 25. bxc4 Rxc4 26. Rxc4 dxc4
27. Ke2 a6 28. Kd2 g5 29. Kc3 g4 30. Nd2 Nb6 31. Bc5 Na4+ 32. Kxc4 Nb2+ 33. Kd5
Nd1 34. Ne4 Bd8 35. Kc6 f5 36. Nd6 f4 37. Ne4 Kf7 38. d5 Kg6 39. d6 Kf5 40. Bb6
Bxb6 41. Kxb6 Kxe4 42. d7 Nxf2 43. d8=Q f3 44. Qe7+ Kd3 45. Qxh7+ Ke3 46. gxf3
gxf3 47. Qh6+ Kd3 48. h4 Ne4 49. Qf4 f2 50. h5 1-0

[Event "Regency Masters 6th"]
[Site "Ramsgate"]
[Date "1984.12.10"]
[Round "3"]
[White "Wright, Josie H"]
[Black "Menadue, Jeremy FS"]
[Result "0-1"]
[WhiteElo "1900"]
[BlackElo "2050"]
[PlyCount "72"]
[EventDate "1984.12.08"]
[EventType "swiss"]
[EventRounds "9"]
[EventCountry "ENG"]
[SourceTitle "BritBase"]
[Source "John Saunders"]
[SourceDate "2020.09.07"]
[SourceVersion "1"]
[SourceVersionDate "2020.09.07"]
[SourceQuality "2"]

1. e4 c5 2. Nf3 d6 3. d4 cxd4 4. Nxd4 Nf6 5. Nc3 a6 6. Be2 e5 7. Nb3 Be7 8. O-O
O-O 9. a4 Be6 10. Be3 Nc6 11. Nd2 Rc8 12. Nc4 Nxe4 13. Nxe4 d5 14. Bb6 Rc7 15.
Bxc7 Qxc7 16. Ncd2 dxe4 17. Nxe4 f5 18. Nd2 Rd8 19. Qe1 Nb4 20. Bd1 e4 21. Rc1
Qf4 22. Nxe4 fxe4 23. Be2 Qd2 24. c3 Qxe1 25. Rfxe1 Nc6 26. Rcd1 Rf8 27. b4 Bf6
28. Rc1 Ne5 29. b5 axb5 30. axb5 Bf5 31. c4 Nd3 32. Bxd3 exd3 33. Red1 Bb2 34.
Rb1 Bd4 35. Rb3 b6 36. Kf1 Bc5 0-1

[Event "Regency Masters 6th"]
[Site "Ramsgate"]
[Date "1984.12.11"]
[Round "4"]
[White "Bosboom, Manuel"]
[Black "Blees, Albert"]
[Result "1/2-1/2"]
[WhiteElo "2380"]
[BlackElo "2275"]
[PlyCount "119"]
[EventDate "1984.12.08"]
[EventType "swiss"]
[EventRounds "9"]
[EventCountry "ENG"]
[SourceTitle "BritBase"]
[Source "John Saunders"]
[SourceDate "2020.09.07"]
[SourceVersion "1"]
[SourceVersionDate "2020.09.07"]
[SourceQuality "2"]

1. e4 e6 2. d4 d5 3. e5 b6 4. c3 Qd7 5. a4 a5 6. f4 Ne7 7. Be3 Ba6 8. Bxa6 Nxa6
9. Nd2 c5 10. Ne2 h5 11. g3 Nf5 12. Bf2 Be7 13. Nf3 Nb8 14. h3 Nc6 15. Kf1 Qb7
16. Qd3 c4 17. Qc2 b5 18. Kg2 bxa4 19. g4 Nh6 20. f5 Qb3 21. Qb1 a3 22. fxe6
Qxb2 23. exf7+ Nxf7 24. Nf4 hxg4 25. hxg4 Rxh1 26. Qxh1 O-O-O 27. Rb1 Qc2 28.
Rb6 Kc7 29. Rb5 Qe4 30. Ne6+ Kc8 31. Bg3 a2 32. Qd1 Rf8 33. Rb6 Nfxe5 34. Rxc6+
Nxc6 35. Nxf8 Bxf8 36. Qa4 Kd7 37. Qxa2 Qxg4 38. Kf2 Qf5 39. Qb2 Qf6 40. Qb7+
Ke8 41. Bh4 Qe6 42. Qa8+ Kd7 43. Qxf8 Qg6 44. Bg5 Qc2+ 45. Kg3 Qg6 46. Qc5 Qd6+
47. Qxd6+ Kxd6 48. Kg4 Na7 49. Kf5 Nb5 50. Bf4+ Kc6 51. Ne5+ Kb6 52. Bd2 a4 53.
Ke6 a3 54. Bc1 a2 55. Bb2 Na3 56. Kxd5 Kb5 57. Nf3 g5 58. Ke4 g4 59. Nd2 Nb1
60. Ke3 1/2-1/2

[Event "Regency Masters 6th"]
[Site "Ramsgate"]
[Date "1984.12.11"]
[Round "4"]
[White "Carlier, Bruno"]
[Black "Littlewood, Paul E"]
[Result "1-0"]
[WhiteElo "2230"]
[BlackElo "2435"]
[PlyCount "105"]
[EventDate "1984.12.08"]
[EventType "swiss"]
[EventRounds "9"]
[EventCountry "ENG"]
[SourceTitle "BritBase"]
[Source "John Saunders"]
[SourceDate "2020.09.07"]
[SourceVersion "1"]
[SourceVersionDate "2020.09.07"]
[SourceQuality "2"]

1. e4 e5 2. Nf3 Nc6 3. Bc4 Nf6 4. d3 Be7 5. O-O O-O 6. Bb3 h6 7. Re1 Re8 8. c3
Bf8 9. Nbd2 a6 10. h3 b5 11. Nf1 Bb7 12. Ng3 Na5 13. Bc2 d5 14. exd5 Qxd5 15.
b4 Nc6 16. a4 Rad8 17. Be3 Qd7 18. Ne4 Nd5 19. Bd2 Kh8 20. Nh4 Qe7 21. Nf5 Qe6
{... next two moves are missing from the score in the bulletin...} 22. Qg4 Bc8
23. Neg3 Qf6 24. Qe4 Nf4 25. d4 Ng6 26. d5 Nce7 27. Nxe7 Rxe7 28. Be3 Red7 29.
axb5 axb5 30. Ra7 Rxd5 31. Rxc7 R5d7 32. Rxd7 Bxd7 33. Ra1 Bc6 34. Qf5 Qxf5 35.
Bxf5 Ne7 36. Be4 Bxe4 37. Nxe4 Nf5 38. Bb6 Rc8 39. Ra7 Kg8 40. Bc5 Rd8 41. Rb7
Bxc5 42. bxc5 Rd1+ 43. Kh2 Re1 44. f3 Ne3 45. Rb8+ Kh7 46. c6 f5 47. c7 f4 48.
Nd2 Nf5 49. Rh8+ Kg6 50. c8=Q Ng3 51. Qe6+ Kg5 52. h4+ Kxh4 53. Qg4# 1-0

[Event "Regency Masters 6th"]
[Site "Ramsgate"]
[Date "1984.12.11"]
[Round "4"]
[White "Crawley, Gavin"]
[Black "Forintos, Gyozo V"]
[Result "0-1"]
[WhiteElo "2300"]
[BlackElo "2425"]
[PlyCount "54"]
[EventDate "1984.12.08"]
[EventType "swiss"]
[EventRounds "9"]
[EventCountry "ENG"]
[SourceTitle "BritBase"]
[Source "John Saunders"]
[SourceDate "2020.09.07"]
[SourceVersion "1"]
[SourceVersionDate "2020.09.07"]
[SourceQuality "2"]

1. e4 g6 2. d4 Bg7 3. Nc3 c5 4. Be3 Qa5 5. Nf3 Nf6 6. e5 Ng4 7. Bc4 cxd4 8.
Bxd4 O-O 9. Qe2 Nc6 10. O-O-O Nxd4 11. Rxd4 d6 12. Rd5 Qb6 13. exd6 e6 14. Rg5
Bh6 15. Kb1 Bxg5 16. Nxg5 Nf6 17. Rd1 Bd7 18. Qf3 Kg7 19. Nce4 Nxe4 20. Nxe4 f6
21. g4 Rac8 22. Bb3 a5 23. a3 a4 24. Ba2 Qc6 25. Qd3 e5 26. Bd5 Qb5 27. Qe2
Qxe2 0-1

[Event "Regency Masters 6th"]
[Site "Ramsgate"]
[Date "1984.12.11"]
[Round "4"]
[White "Duxbury, Craig"]
[Black "O'Leary, Matt"]
[Result "1-0"]
[WhiteElo "1950"]
[BlackElo "2100"]
[PlyCount "61"]
[EventDate "1984.12.08"]
[EventType "swiss"]
[EventRounds "9"]
[EventCountry "ENG"]
[SourceTitle "BritBase"]
[Source "John Saunders"]
[SourceDate "2020.09.07"]
[SourceVersion "1"]
[SourceVersionDate "2020.09.07"]
[SourceQuality "2"]

1. d4 Nf6 2. Nc3 d5 3. Bg5 e6 4. e4 Be7 5. e5 Nfd7 6. h4 h6 7. Be3 a6 8. Qg4
Bf8 9. Rh3 c5 10. f4 cxd4 11. Bxd4 Nc6 12. Nf3 Nxd4 13. Nxd4 Qb6 14. O-O-O Nc5
15. f5 h5 16. Qg5 Qd8 17. Qxd8+ Kxd8 18. b4 Nd7 19. fxe6 Nxe5 20. Nxd5 Bd6 21.
Nb6 Rb8 22. Nf5 Bxe6 23. Rxd6+ Ke8 24. Re3 Ng4 25. Re1 g6 26. Ng7+ Ke7 27. Rd7+
Kf6 28. Nxe6 fxe6 29. Rd6 Rhe8 30. Nd7+ Ke7 31. Rexe6+ 1-0

[Event "Regency Masters 6th"]
[Site "Ramsgate"]
[Date "1984.12.11"]
[Round "4"]
[White "Eslon, Jaan"]
[Black "Nicholson, John G"]
[Result "1/2-1/2"]
[WhiteElo "2445"]
[BlackElo "2295"]
[PlyCount "59"]
[EventDate "1984.12.08"]
[EventType "swiss"]
[EventRounds "9"]
[EventCountry "ENG"]
[SourceTitle "BritBase"]
[Source "John Saunders"]
[SourceDate "2020.09.07"]
[SourceVersion "1"]
[SourceVersionDate "2020.09.07"]
[SourceQuality "2"]

1. d4 Nf6 2. Nf3 c5 3. e3 e6 4. Bd3 b6 5. O-O Bb7 6. Nbd2 Be7 7. b3 Nc6 8. c4
O-O 9. Bb2 cxd4 10. exd4 Re8 11. Rc1 Rc8 12. Bb1 d6 13. Qe2 Nb8 14. Ng5 Nbd7
15. f4 Bf8 16. Ndf3 h6 17. Nh3 g6 18. Nf2 Bg7 19. Nd2 Rc7 20. Nd3 Qa8 21. Ba3
Bf8 22. Ne1 a5 23. Nef3 a4 24. Bb4 axb3 25. axb3 b5 26. Bd3 bxc4 27. bxc4 Bc6
28. Bc3 Bg7 29. Bb4 Bf8 30. Bc3 1/2-1/2

[Event "Regency Masters 6th"]
[Site "Ramsgate"]
[Date "1984.12.11"]
[Round "4"]
[White "Fuller, Maxwell L"]
[Black "De Boer, Gert Jan"]
[Result "1-0"]
[WhiteElo "2335"]
[BlackElo "2335"]
[PlyCount "91"]
[EventDate "1984.12.08"]
[EventType "swiss"]
[EventRounds "9"]
[EventCountry "ENG"]
[SourceTitle "BritBase"]
[Source "John Saunders"]
[SourceDate "2020.09.07"]
[SourceVersion "1"]
[SourceVersionDate "2020.09.07"]
[SourceQuality "2"]

1. e4 c5 2. Nf3 e6 3. b3 Nf6 4. e5 Nd5 5. Bb2 Nc6 6. c4 Nc7 7. Nc3 d5 8. exd6
Bxd6 9. d4 cxd4 10. Nxd4 e5 11. Nxc6 bxc6 12. Qf3 Bb7 13. O-O-O Qe7 14. Bd3 Ne6
15. Be4 Nd4 16. Rxd4 exd4 17. Bxc6+ Kf8 18. Bxb7 dxc3 19. Qxc3 Qg5+ 20. Kb1 Re8
21. Rd1 Be5 22. Qb4+ Kg8 23. Re1 Re7 24. Qc5 Qf5+ 25. Be4 Qd7 26. Bxe5 h5 27.
Qd5 {[Bulletin says 27 Qd8]} Qe8 28. Bc3 Rh6 29. Qa8 {[Bulletin gives 29 Bc3
again]} Rhe6 30. Qxe8+ Rxe8 31. f3 g6 32. Rd1 R6e7 33. Rd6 Kh7 34. Kc2 f5 35.
Bd3 h4 36. h3 Kh6 37. c5 Rc7 38. b4 Kg5 39. Bd2+ Kh5 40. Kc3 a5 41. a3 axb4+
42. axb4 Ra8 43. Kc4 Ra2 44. Kc3 Rca7 45. Bc4 Ra1 46. Rd8 1-0

[Event "Regency Masters 6th"]
[Site "Ramsgate"]
[Date "1984.12.11"]
[Round "4"]
[White "Gil Capape, Javier"]
[Black "Janssen, Han"]
[Result "0-1"]
[WhiteElo "2175"]
[BlackElo "2285"]
[PlyCount "94"]
[EventDate "1984.12.08"]
[EventType "swiss"]
[EventRounds "9"]
[EventCountry "ENG"]
[SourceTitle "BritBase"]
[Source "John Saunders"]
[SourceDate "2020.09.07"]
[SourceVersion "1"]
[SourceVersionDate "2020.09.07"]
[SourceQuality "2"]

1. d4 Nf6 2. c4 e6 3. Nc3 Bb4 4. e3 O-O 5. Bd3 d5 6. Nf3 c5 7. O-O Nc6 8. a3
Bxc3 9. bxc3 dxc4 10. Bxc4 Qc7 11. Ba2 e5 12. h3 Bf5 13. Nh4 Ne7 14. Nxf5 Nxf5
15. e4 Ne7 16. f3 Ng6 17. dxe5 Qxe5 18. Qc2 Rfd8 19. Bb1 Nh5 20. Ra2 Nhf4 21.
Qf2 b6 22. c4 Qe6 23. Qg3 Qe5 24. Qf2 Qd4 25. Qxd4 Rxd4 26. g3 Nh5 27. Kg2 Rad8
28. Rc2 Ne5 29. Ba2 Rd3 30. Rff2 Kf8 31. g4 Nf6 32. Bb1 Ke7 33. Bb2 Ng6 34. e5
Nd7 35. f4 Nh4+ 36. Kh2 Nf3+ 37. Kh1 Rd1+ 38. Kg2 Ne1+ 39. Kg3 Rxb1 40. Rcd2
Rxb2 41. Rxb2 Nd3 42. e6 fxe6 43. Rbe2 Nxf2 44. Kxf2 Nf8 45. a4 Rd4 46. a5 Kf6
47. Kg3 Rxc4 0-1

[Event "Regency Masters 6th"]
[Site "Ramsgate"]
[Date "1984.12.11"]
[Round "4"]
[White "Grimberg, Gilbert"]
[Black "Dunnington, Angus J"]
[Result "0-1"]
[WhiteElo "2225"]
[BlackElo "2325"]
[PlyCount "60"]
[EventDate "1984.12.08"]
[EventType "swiss"]
[EventRounds "9"]
[EventCountry "ENG"]
[SourceTitle "BritBase"]
[Source "John Saunders"]
[SourceDate "2020.09.07"]
[SourceVersion "1"]
[SourceVersionDate "2020.09.07"]
[SourceQuality "2"]

1. d4 d5 2. c4 Nc6 3. Nc3 dxc4 4. Nf3 Nf6 5. e3 Bg4 6. Bxc4 e6 7. O-O a6 8. Be2
Bd6 9. b3 O-O 10. Bb2 Qe7 11. h3 Bh5 12. Nd2 Bxe2 13. Nxe2 e5 14. Nc4 e4 15.
Nxd6 cxd6 16. d5 Ne5 17. Ng3 Rfe8 18. Qd4 Nd3 19. Nf5 Qe5 20. Qxe5 dxe5 21. Ba3
b5 22. Rad1 b4 23. Bc1 Nxd5 24. Nd6 Nc3 25. Nxe8 Nxd1 26. Nd6 Rd8 27. Nxf7 Kxf7
28. Rxd1 Rc8 29. Bd2 Rc2 30. f3 exf3 0-1

[Event "Regency Masters 6th"]
[Site "Ramsgate"]
[Date "1984.12.11"]
[Round "4"]
[White "Grooten, Herman"]
[Black "Delanoy, Arnaud"]
[Result "1-0"]
[WhiteElo "2310"]
[BlackElo "2000"]
[PlyCount "112"]
[EventDate "1984.12.08"]
[EventType "swiss"]
[EventRounds "9"]
[EventCountry "ENG"]
[SourceTitle "BritBase"]
[Source "John Saunders"]
[SourceDate "2020.09.07"]
[SourceVersion "1"]
[SourceVersionDate "2020.09.07"]
[SourceQuality "2"]

1. d4 e6 2. c4 Nf6 3. Nf3 Bb4+ 4. Nbd2 c5 5. e3 b6 6. Bd3 Bb7 7. O-O O-O 8. a3
Bxd2 9. Bxd2 Ne4 10. Qc2 f5 11. Rad1 Nxd2 12. Nxd2 Qg5 13. g3 d6 14. f4 Qh5 15.
d5 exd5 16. cxd5 Nd7 17. e4 Nf6 18. Nc4 Nxe4 19. Bxe4 fxe4 20. Qxe4 Rfe8 21.
Qf3 Qxf3 22. Rxf3 Rad8 23. Re3 Rxe3 24. Nxe3 g6 25. Kf2 Kf7 26. Rc1 Re8 27. Kf3
Ba6 28. Rc3 Kf6 29. g4 g5 30. fxg5+ Kxg5 31. h4+ Kf6 32. Nf5 Re5 33. Nxd6 Rxd5
34. Ne8+ Kf7 35. Nc7 Rd3+ 36. Rxd3 Bxd3 37. Kf4 a5 38. Ke5 Be2 39. g5 b5 40.
Ne6 b4 41. Nxc5 bxa3 42. bxa3 Bc4 43. Nb7 Kg6 44. Nxa5 Bb5 45. Kf4 Kh5 46. Kg3
Kg6 47. Nb7 Bc6 48. Nc5 Kf5 49. a4 Ke5 50. a5 Kd5 51. Nd3 Kd4 52. Nf4 Kc5 53.
Ne6+ Kb4 54. a6 Ka5 55. a7 Kb6 56. Nf8 Kxa7 1-0

[Event "Regency Masters 6th"]
[Site "Ramsgate"]
[Date "1984.12.11"]
[Round "4"]
[White "Halpin, Patrick"]
[Black "Wright, Josie H"]
[Result "1-0"]
[WhiteElo "2200"]
[BlackElo "1900"]
[PlyCount "53"]
[EventDate "1984.12.08"]
[EventType "swiss"]
[EventRounds "9"]
[EventCountry "ENG"]
[SourceTitle "BritBase"]
[Source "John Saunders"]
[SourceDate "2020.09.07"]
[SourceVersion "1"]
[SourceVersionDate "2020.09.07"]
[SourceQuality "2"]

1. e4 d6 2. d4 Nf6 3. Nc3 g6 4. f3 Bg7 5. Be3 O-O 6. Qd2 c6 7. g4 b5 8. h4 h5
9. g5 Nfd7 10. f4 Nb6 11. O-O-O Bg4 12. Re1 Nc4 13. Bxc4 bxc4 14. Nge2 Qa5 15.
Ng3 Na6 16. f5 Rab8 17. Rhf1 Qb4 18. b3 Qa3+ 19. Kb1 cxb3 {[the score is very
unclear here and it is just possible that White actually played 20 cxb3 on the
next move]} 20. axb3 Rxb3+ {[this and the next move are missing from the score]
} 21. cxb3 Rb8 22. Na2 Rxb3+ 23. Ka1 Rd3 24. Qc1 Rxe3 25. Rxe3 Bxd4+ {
[Bulletin gives Bc4]} 26. Rc3 Qa5 27. Kb1 1-0

[Event "Regency Masters 6th"]
[Site "Ramsgate"]
[Date "1984.12.11"]
[Round "4"]
[White "Hanreck, Alan E"]
[Black "Hartoch, Robert"]
[Result "1/2-1/2"]
[WhiteElo "2275"]
[BlackElo "2365"]
[PlyCount "31"]
[EventDate "1984.12.08"]
[EventType "swiss"]
[EventRounds "9"]
[EventCountry "ENG"]
[SourceTitle "BritBase"]
[Source "John Saunders"]
[SourceDate "2020.09.07"]
[SourceVersion "1"]
[SourceVersionDate "2020.09.07"]
[SourceQuality "2"]

1. e4 g6 2. d4 Bg7 3. Nc3 c5 4. d5 d6 5. Nf3 Nf6 6. Be2 O-O 7. O-O Na6 8. Re1
Nc7 9. a4 b6 10. h3 Bb7 11. Bf4 a6 12. Bc4 Nd7 13. Qd3 Ne5 14. Nxe5 dxe5 15.
Bh2 Ne8 16. f4 1/2-1/2

[Event "Regency Masters 6th"]
[Site "Ramsgate"]
[Date "1984.12.11"]
[Round "4"]
[White "Hebert, Jean"]
[Black "Martin, Andrew D"]
[Result "1/2-1/2"]
[WhiteElo "2395"]
[BlackElo "2445"]
[PlyCount "116"]
[EventDate "1984.12.08"]
[EventType "swiss"]
[EventRounds "9"]
[EventCountry "ENG"]
[SourceTitle "BritBase"]
[Source "John Saunders"]
[SourceDate "2020.09.07"]
[SourceVersion "1"]
[SourceVersionDate "2020.09.07"]
[SourceQuality "2"]

1. Nf3 Nf6 2. c4 e6 3. Nc3 d5 4. d4 Bb4 5. Qa4+ Nc6 6. Bg5 h6 7. Bxf6 Qxf6 8.
e3 O-O 9. Rc1 a6 10. cxd5 exd5 11. Be2 Be6 12. O-O Rfd8 13. a3 Bd6 14. b4 Ne7
15. Qb3 c6 16. Na4 Rab8 17. Nc5 Ng6 18. Nxe6 Qxe6 19. Bd3 Qf6 20. Bxg6 Qxg6 21.
a4 Re8 22. b5 axb5 23. axb5 Re6 24. g3 Qg4 25. Ne1 h5 26. bxc6 bxc6 27. Qd1 Qg6
28. Ng2 Rb6 29. Qa4 Qe4 30. Qa7 Rb8 31. Rxc6 Rb1 32. Rc8+ Kh7 33. Rcc1 Rxc1 34.
Rxc1 Rf6 35. Qa2 g6 36. Qc2 Qg4 37. Rf1 Kg7 38. f4 Qd7 39. Qd3 Be7 40. Nh4 Rb6
41. Nf3 Qb7 42. Ne5 Rb3 43. Qc2 Bf6 44. Qf2 Qb5 45. Qf3 Rb1 46. Kg2 Rxf1 47.
Qxf1 Qb2+ 48. Kh3 Qc2 49. Qd3 Qf2 50. e4 Bxe5 51. dxe5 dxe4 52. Qxe4 Qf1+ 53.
Qg2 Qe1 54. Qf3 Qd2 55. Qc6 Qd1 56. Qb5 Qf3 57. Qa6 Kh7 58. Qc8 Qe2 1/2-1/2

[Event "Regency Masters 6th"]
[Site "Ramsgate"]
[Date "1984.12.11"]
[Round "4"]
[White "Jagerflod, Kent"]
[Black "Pliester, Leon"]
[Result "0-1"]
[WhiteElo "1950"]
[BlackElo "2335"]
[PlyCount "65"]
[EventDate "1984.12.08"]
[EventType "swiss"]
[EventRounds "9"]
[EventCountry "ENG"]
[SourceTitle "BritBase"]
[Source "John Saunders"]
[SourceDate "2020.09.07"]
[SourceVersion "1"]
[SourceVersionDate "2020.09.07"]
[SourceQuality "2"]

1. d4 Nf6 2. c4 c5 3. Nf3 cxd4 4. Nxd4 e5 5. Nc2 d5 6. cxd5 Qxd5 7. Qxd5 Nxd5
8. g3 Nc6 9. a3 Be6 10. Bd2 Nd4 11. Nxd4 exd4 12. Bg2 Rc8 13. O-O Be7 14. Be4
O-O 15. Rd1 f5 16. Bd3 Nb6 17. e3 Na4 18. exd4 Nxb2 19. Re1 Nxd3 20. Rxe6 Bf6
21. Be3 Rfd8 22. Nd2 Kf7 23. Rxf6+ Kxf6 24. Nf3 h6 25. Ra2 b6 26. h4 Rd5 27.
Nh2 f4 28. gxf4 Kf5 29. f3 Nxf4 30. Kf2 Ne6 31. Nf1 Nxd4 32. Rd2 Rc2 33. Bxh6
0-1

[Event "Regency Masters 6th"]
[Site "Ramsgate"]
[Date "1984.12.11"]
[Round "4"]
[White "Kosten, Anthony C"]
[Black "King, Daniel J"]
[Result "0-1"]
[WhiteElo "2420"]
[BlackElo "2435"]
[PlyCount "78"]
[EventDate "1984.12.08"]
[EventType "swiss"]
[EventRounds "9"]
[EventCountry "ENG"]
[SourceTitle "BritBase"]
[Source "John Saunders"]
[SourceDate "2020.09.07"]
[SourceVersion "1"]
[SourceVersionDate "2020.09.07"]
[SourceQuality "2"]

1. e4 c5 2. Nf3 d6 3. d4 cxd4 4. Nxd4 Nf6 5. Nc3 a6 6. f4 e5 7. Nf3 Nbd7 8. a4
Be7 9. Bc4 O-O 10. Qe2 exf4 11. Bxf4 Qb6 12. Rb1 Ne5 13. Be3 Qb4 14. Nxe5 dxe5
15. O-O Be6 16. Bd3 Bc5 17. Kh1 Bxe3 18. Qxe3 Nd7 19. Ra1 Qxb2 20. Qd2 Qb6 21.
Rfb1 Qd4 22. Nd5 Nc5 23. Ne7+ Kh8 24. Qg5 Qd8 25. Qh4 Re8 26. Nf5 g6 27. Qg3
Nxd3 28. cxd3 gxf5 29. Qxe5+ f6 30. Qf4 Qd4 31. Re1 fxe4 32. dxe4 Qe5 33. Qh4
Rg8 34. Rab1 b5 35. axb5 axb5 36. Red1 Rg6 37. Rd2 b4 38. Qf2 Ra1 39. Rd8+ Rg8
0-1

[Event "Regency Masters 6th"]
[Site "Ramsgate"]
[Date "1984.12.11"]
[Round "4"]
[White "Kuijf, Marinus"]
[Black "Menadue, Jeremy FS"]
[Result "1-0"]
[WhiteElo "2335"]
[BlackElo "2050"]
[PlyCount "57"]
[EventDate "1984.12.08"]
[EventType "swiss"]
[EventRounds "9"]
[EventCountry "ENG"]
[SourceTitle "BritBase"]
[Source "John Saunders"]
[SourceDate "2020.09.07"]
[SourceVersion "1"]
[SourceVersionDate "2020.09.07"]
[SourceQuality "2"]

1. e4 c5 2. Ne2 d6 3. Nbc3 a6 4. g3 g6 5. Bg2 Bg7 6. O-O e6 7. d4 cxd4 8. Nxd4
Ne7 9. a4 O-O 10. Be3 e5 11. Nb3 Be6 12. Qd2 Nbc6 13. Rfd1 Qe8 14. Nd5 Bxd5 15.
exd5 Nd8 16. Qb4 Nf5 17. Bb6 Rc8 18. c3 f6 19. Na5 Rf7 20. Nc4 Bf8 21. Bh3 Be7
22. Re1 Ra8 23. Qa5 Ng7 24. f4 e4 25. Ne3 f5 26. Rf1 Rc8 27. Ra3 Nh5 28. Rb3
Bf6 29. Kh1 1-0

[Event "Regency Masters 6th"]
[Site "Ramsgate"]
[Date "1984.12.11"]
[Round "4"]
[White "Lengyel, Levente"]
[Black "Teichmann, Erik OMC"]
[Result "1/2-1/2"]
[WhiteElo "2400"]
[BlackElo "2285"]
[PlyCount "67"]
[EventDate "1984.12.08"]
[EventType "swiss"]
[EventRounds "9"]
[EventCountry "ENG"]
[SourceTitle "BritBase"]
[Source "John Saunders"]
[SourceDate "2020.09.07"]
[SourceVersion "1"]
[SourceVersionDate "2020.09.07"]
[SourceQuality "2"]

1. Nf3 d5 2. c4 c6 3. d4 e6 4. Qc2 Nf6 5. g3 Nbd7 6. Bg2 Be7 7. O-O O-O 8. b3
b6 9. Rd1 Bb7 10. Nc3 Rc8 11. e4 dxe4 12. Nxe4 c5 13. Nxf6+ Bxf6 14. Ng5 Bxg5
15. Bxb7 Rc7 16. Be4 f5 17. Bg2 cxd4 18. Bxg5 Qxg5 19. Rxd4 e5 20. Rd5 Qe7 21.
Re1 Rc5 22. Qd3 Rxd5 23. Qxd5+ Kh8 24. Rd1 Nf6 25. Qd6 Qxd6 26. Rxd6 e4 27. Kf1
Kg8 28. Bh3 g6 29. Rc6 Rf7 30. Ke2 Nd7 31. g4 Ne5 32. Rc8+ Kg7 33. gxf5 gxf5
34. Ke3 1/2-1/2